[Event "50smm A Kaltern/Tramin-Groeden"]
[Site "?"]
[Date "2019.01.12"]
[Round "5.6"]
[White "Comai, Samuele"]
[Black "Casadio, Niccolo"]
[Result "0-1"]
[WhiteElo "1854"]
[BlackElo "1814"]
[PlyCount "74"]
[EventDate "2019.01.12"]
[SourceDate "2018.11.11"]

1. d4 e6 2. Nf3 d5 3. c4 Nf6 4. Nc3 Be7 5. Bf4 O-O 6. e3 a6 7. Rc1 dxc4 8. Bxc4
c5 9. a4 Nc6 10. O-O Qb6 11. dxc5 Qxc5 12. Ba2 Rd8 13. Qe2 Qa5 14. e4 Nb4 15.
Bc4 Bd7 16. Nd4 Bxa4 17. Be3 Be8 18. f4 b5 19. Bb3 Bc5 20. Rfd1 Qb6 21. Qd2 Ng4
22. Nce2 Nxe3 23. Qxe3 Ra7 24. Qc3 Rc7 25. Kh1 Rdc8 26. h3 a5 27. Qd2 Qb7 28.
Nc3 Rd8 29. Qe3 Qb6 30. Nce2 Rcd7 31. Rxc5 Qxc5 32. Rc1 Qb6 33. Nf5 Qxe3 34.
Nxe3 Rd3 35. Rc3 Rxc3 36. bxc3 a4 37. cxb4 axb3 0-1

[Event "50smm A Klausen-Bruneck"]
[Site "?"]
[Date "2019.01.12"]
[Round "5.1"]
[White "Luciani, Valerio"]
[Black "Schacher, Gerd"]
[Result "0-1"]
[WhiteElo "2164"]
[BlackElo "2277"]
[PlyCount "78"]
[EventDate "2019.01.12"]
[SourceDate "2018.11.11"]

1. d4 Nf6 2. c4 c5 3. d5 b5 4. cxb5 a6 5. b6 e6 6. Nc3 Nxd5 7. Nxd5 exd5 8.
Qxd5 Nc6 9. Nf3 Rb8 10. Bd2 Rxb6 11. Bc3 Bb7 12. Qe4+ Ne7 13. Qc4 Qc8 14. e3
Nd5 15. Bd3 Nb4 16. Bxb4 Rxb4 17. Qc2 Be7 18. O-O Qa8 19. e4 c4 20. Bxc4 Bxe4
21. Bd3 O-O 22. Bxe4 Qxe4 23. Qxe4 Rxe4 24. Rac1 Ra4 25. a3 Bf6 26. Rc2 h5 27.
Rd1 Rb8 28. Rxd7 Rxa3 29. h4 Ra1+ 30. Kh2 Ra2 31. Rdc7 Raxb2 32. R2c5 Rxf2 33.
Kg3 Rbb2 34. Rc8+ Kh7 35. Rxh5+ Kg6 36. Ra5 Rxg2+ 37. Kf4 Rb4+ 38. Ke3 Rb3+ 39.
Kf4 Rf2 0-1

[Event "50smm A Klausen-Bruneck"]
[Site "?"]
[Date "2019.01.12"]
[Round "5.2"]
[White "Teutsch, Alexander"]
[Black "Peintner, Andreas"]
[Result "1-0"]
[WhiteElo "2049"]
[BlackElo "1934"]
[PlyCount "34"]
[EventDate "2019.01.12"]
[SourceDate "2018.11.11"]

1. d4 d5 2. c4 c6 3. cxd5 cxd5 4. Nc3 Nf6 5. f3 e6 6. e4 dxe4 7. fxe4 Bb4 8.
Bd3 Nxe4 9. Qa4+ Nc6 10. Bxe4 Bxc3+ 11. bxc3 Qh4+ 12. Kf1 Qxe4 13. Ba3 f6 14.
Nf3 Kf7 15. Rc1 Qd3+ 16. Kf2 b5 17. Qb3 Re8 1-0

[Event "50smm A Klausen-Bruneck"]
[Site "?"]
[Date "2019.01.12"]
[Round "5.3"]
[White "Balzarini, Franco"]
[Black "Seebacher, Michael"]
[Result "0-1"]
[WhiteElo "1840"]
[BlackElo "1978"]
[PlyCount "56"]
[EventDate "2019.01.12"]
[SourceDate "2018.11.11"]

1. d4 b6 2. Nf3 Bb7 3. e3 e6 4. Bd3 f5 5. O-O Nf6 6. Nbd2 Be7 7. c4 O-O 8. Qc2
Qe8 9. Rb1 Na6 10. a3 c5 11. Re1 Qh5 12. Qa4 Bd6 13. b4 Ne4 14. Bxe4 fxe4 15.
Ne5 Bxe5 16. dxe5 Qxe5 17. Qxd7 Rf7 18. Qa4 Qf5 19. Rf1 Rf6 20. Bb2 e5 21. Rbd1
Rg6 22. Qb3 Qh3 23. g3 Rh6 24. Rfe1 Qxh2+ 25. Kf1 Rf8 26. Nxe4 Bxe4 27. Rd2
Qh1+ 28. Ke2 Qf3+ 0-1

[Event "50smm A Klausen-Bruneck"]
[Site "?"]
[Date "2019.01.12"]
[Round "5.4"]
[White "Seebacher, Reinhard"]
[Black "Niederkofler, Andreas"]
[Result "1/2-1/2"]
[WhiteElo "1927"]
[BlackElo "1797"]
[PlyCount "43"]
[EventDate "2019.01.12"]
[SourceDate "2018.11.11"]

1. d4 Nf6 2. Nc3 e6 3. e4 d5 4. Bg5 Be7 5. e5 Nfd7 6. Bxe7 Qxe7 7. Nf3 a6 8. h4
c5 9. dxc5 Qxc5 10. Qd2 Qe7 11. O-O-O Nc6 12. Qf4 b5 13. Ne2 Bb7 14. Ned4 Nxd4
15. Nxd4 Rc8 16. Rh3 Nc5 17. Rg3 g6 18. Kb1 h6 19. Be2 Ne4 20. Rf3 Rg8 21. Nb3
Qb4 22. Qe3 1/2-1/2

[Event "50smm A Klausen-Bruneck"]
[Site "?"]
[Date "2019.01.12"]
[Round "5.5"]
[White "Scanferla, Antonio"]
[Black "Schrott, Ernst"]
[Result "1-0"]
[WhiteElo "1441"]
[BlackElo "1883"]
[PlyCount "66"]
[EventDate "2019.01.12"]
[SourceDate "2018.11.11"]

1. e4 c5 2. g3 Nc6 3. Bg2 g6 4. Ne2 Bg7 5. O-O d6 6. h3 f5 7. d3 Nf6 8. Nbc3
O-O 9. Be3 Rb8 10. Rb1 Kh8 11. a3 fxe4 12. dxe4 Ne5 13. b3 b5 14. Qd2 Bxh3 15.
f4 Bxg2 16. Kxg2 Neg4 17. f5 Nxe3+ 18. Qxe3 gxf5 19. exf5 Qd7 20. b4 cxb4 21.
Rxb4 Qc6+ 22. Qf3 Qxf3+ 23. Rxf3 a6 24. g4 Rbc8 25. a4 Rc4 26. Rxc4 bxc4 27. g5
Nd7 28. Nd5 Ne5 29. Rf1 Nc6 30. Ng3 Be5 31. f6 exf6 32. gxf6 Bxg3 33. Kxg3 Kg8
1-0

[Event "50smm A Klausen-Bruneck"]
[Site "?"]
[Date "2019.01.12"]
[Round "5.6"]
[White "Schrott, Johann"]
[Black "Peintner, Markus"]
[Result "1-0"]
[WhiteElo "1824"]
[BlackElo "1468"]
[PlyCount "63"]
[EventDate "2019.01.12"]
[SourceDate "2018.11.11"]

1. e4 c5 2. Nf3 Nc6 3. d4 cxd4 4. Nxd4 e5 5. Nf3 Nf6 6. Bd3 Be7 7. O-O O-O 8.
Nc3 h6 9. h3 d6 10. Be3 Be6 11. Qd2 d5 12. exd5 Nxd5 13. Nxd5 Bxd5 14. Be2 Bxf3
15. Bxf3 Qxd2 16. Bxd2 Rac8 17. Bc3 f6 18. a3 b6 19. Rad1 Nb8 20. Rd3 Rc7 21.
Rfd1 g6 22. Be4 Kg7 23. Rg3 g5 24. h4 Kf7 25. hxg5 hxg5 26. Rh3 Kg8 27. g4 Na6
28. Kg2 Rd8 29. Rdh1 Nc5 30. Bf5 Rf8 31. b4 Nd7 32. Be6+ 1-0

[Event "50smm A Steinegg-Deutschnofen"]
[Site "?"]
[Date "2019.01.12"]
[Round "5.2"]
[White "Pichler, Martin"]
[Black "Dappiano, Andrea"]
[Result "0-1"]
[WhiteElo "1824"]
[BlackElo "2274"]
[PlyCount "67"]
[EventDate "2019.01.12"]
[SourceDate "2018.11.11"]

1. e4 e6 2. d4 d5 3. Bd3 dxe4 4. Bxe4 Nf6 5. Bf3 Bd6 6. Ne2 Nbd7 7. Bg5 h6 8.
Bh4 g5 9. Bg3 g4 10. Bh4 gxf3 11. Ng3 fxg2 12. Rg1 Be7 13. Nc3 Nd5 14. Bxe7
Qxe7 15. Nxd5 exd5+ 16. Kd2 Qg5+ 17. Kc3 Nf6 18. Qe2+ Be6 19. Qb5+ Nd7 20. Rae1
O-O-O 21. Rxg2 h5 22. Rgg1 Qf6 23. f4 Qxf4 24. Rgf1 Qd6 25. Kd2 Nb6 26. Rf6
Nc4+ 27. Kc1 Qb6 28. Qxb6 axb6 29. Nf5 Bxf5 30. Rxf5 c6 31. Rxf7 Rd7 32. Rf5 h4
33. b3 Nd6 34. Re3 0-1

[Event "50smm A Steinegg-Deutschnofen"]
[Site "?"]
[Date "2019.01.13"]
[Round "5.3"]
[White "Zamengo, Fulvio"]
[Black "Engl, Alexander"]
[Result "1-0"]
[WhiteElo "2309"]
[BlackElo "1811"]
[PlyCount "157"]
[EventDate "2019.01.12"]
[SourceDate "2018.11.11"]

1. e4 e6 2. d4 d5 3. Nc3 Bb4 4. e5 c5 5. a3 Bxc3+ 6. bxc3 Qc7 7. Qg4 f5 8. Qg3
Nc6 9. Be3 c4 10. Ne2 Qf7 11. h4 Bd7 12. Nf4 Nge7 13. h5 O-O-O 14. h6 g6 15.
Nh3 Rdf8 16. Bg5 Ng8 17. Be2 Qe8 18. a4 Nd8 19. Bc1 Bxa4 20. Ba3 Rf7 21. Bd6
Qc6 22. Kd2 a6 23. Rhb1 Nxh6 24. Rb4 Bb5 25. Qh4 Ng8 26. Ra5 b6 27. Ra1 Nf6 28.
f3 Ne8 29. Be7 Nb7 30. Rbb1 Qd7 31. Ba3 Qd8 32. Ng5 h6 33. Rh1 Rg7 34. Nxe6
Qxh4 35. Rxh4 Rgh7 36. Rah1 h5 37. g4 Bd7 38. Nf8 Rg7 39. e6 Bc6 40. gxf5 gxf5
41. Rxh5 Rxh5 42. Rxh5 Nbd6 43. Nh7 Nb5 44. Bf8 Rg6 45. Rxf5 Rxe6 46. Bf1 Rg6
47. Ng5 Nbd6 48. Re5 a5 49. Kc1 Rf6 50. Bh3+ Kb7 51. Be7 Rh6 52. Be6 a4 53. Kb2
Nb5 54. Nf7 Rh7 55. Nd8+ Kc7 56. Nxc6 Kxc6 57. Bxd5+ Kd7 58. Bxc4 Nbd6 59. Bxd6
Nxd6 60. Be6+ Kc6 61. f4 Rh4 62. Bd5+ Kd7 63. f5 Rf4 64. Be6+ Kc7 65. Ka3 b5
66. Rc5+ Kb6 67. Rd5 Kc6 68. Kb4 Rf1 69. Rc5+ Kb6 70. f6 Rxf6 71. Bd7 a3 72.
Kxa3 Ka5 73. Kb2 Nc4+ 74. Kb3 Nd6 75. Bxb5 Kb6 76. Bd3 Rf8 77. c4 Rb8 78. Kc3
Ra8 79. Rh5 1-0

[Event "50smm A Steinegg-Deutschnofen"]
[Site "?"]
[Date "2019.01.12"]
[Round "5.4"]
[White "Lantschner, Carmen"]
[Black "Micheli Carlo"]
[Result "1-0"]
[WhiteElo "1695"]
[BlackElo "2218"]
[PlyCount "71"]
[EventDate "2019.01.12"]
[SourceDate "2018.11.11"]

1. e4 c5 2. Nf3 d6 3. d4 cxd4 4. Nxd4 Nf6 5. Nc3 a6 6. a3 e5 7. Nf3 h6 8. Bc4
Nbd7 9. O-O Be7 10. Qe2 O-O 11. Rd1 Qc7 12. Ba2 Nb6 13. h3 Be6 14. Nh4 Rfc8 15.
Nf5 Bf8 16. Qd3 Kh7 17. g4 Nc4 18. a4 Qb6 19. b3 Na5 20. Nd5 Bxd5 21. exd5 g6
22. Ng3 Qc7 23. c4 b5 24. axb5 axb5 25. Bd2 bxc4 26. Bxa5 Rxa5 27. bxc4 Qa7 28.
Qc2 Be7 29. Rd2 Nxd5 30. Qb3 Ra3 31. Qb2 Rb8 32. Qxa3 Qxa3 33. cxd5 Rb2 34. Nf1
Bg5 35. f4 Bxf4 36. Rf2 1-0

[Event "50smm A Steinegg-Deutschnofen"]
[Site "?"]
[Date "2019.01.12"]
[Round "5.5"]
[White "Tonino, Filippo"]
[Black "Lantschner, Alexander"]
[Result "1-0"]
[WhiteElo "1976"]
[BlackElo "1436"]
[PlyCount "60"]
[EventDate "2019.01.12"]
[SourceDate "2018.11.11"]

1. d4 d5 2. c4 Bf5 3. Nc3 e6 4. Bf4 Nf6 5. e3 Bd6 6. Bg5 h6 7. Bxf6 Qxf6 8.
cxd5 e5 9. Nf3 Bg4 10. Qa4+ Bd7 11. Qb3 b6 12. Ne4 Qe7 13. Nxd6+ cxd6 14. dxe5
dxe5 15. Bc4 O-O 16. O-O Qf6 17. Nd2 Qg6 18. Bd3 Bf5 19. Bxf5 Qxf5 20. Rac1 Nd7
21. Qc2 Qxc2 22. Rxc2 Nc5 23. b4 Nd7 24. Rc7 Nf6 25. e4 a5 26. b5 a4 27. f3
Rfd8 28. Rfc1 Ne8 29. R7c6 Nd6 30. Rxb6 Rab8 1-0

[Event "50smm A Steinegg-Deutschnofen"]
[Site "?"]
[Date "2019.01.12"]
[Round "5.6"]
[White "Schgaguler, Guenther"]
[Black "Thurner, Markus"]
[Result "0-1"]
[WhiteElo "1515"]
[BlackElo "1913"]
[PlyCount "86"]
[EventDate "2019.01.12"]
[SourceDate "2018.11.11"]

1. e4 e6 2. d4 d5 3. e5 c5 4. c3 Nc6 5. Nf3 Bd7 6. Bd3 Qb6 7. Bc2 cxd4 8. cxd4
Nb4 9. Nc3 Nxc2+ 10. Qxc2 Ne7 11. O-O Nc6 12. Be3 Be7 13. b3 Nb4 14. Qd2 Rc8
15. Rac1 O-O 16. Rfd1 Rc7 17. Qb2 Qa6 18. Qe2 Rfc8 19. Qd2 Qa5 20. Ne1 Na6 21.
Ne2 Bb4 22. Qd3 Rxc1 23. Nxc1 Bb5 24. Qb1 Bxe1 25. a4 Bd7 26. Nd3 Bb4 27. Nxb4
Nxb4 28. Rd2 Qc7 29. Rd1 Qc2 30. h3 a5 31. Rc1 Qxb1 32. Rxb1 Rc2 33. Kf1 Kf8
34. g3 b6 35. h4 Bc8 36. Kg2 Ba6 37. Kg1 Bd3 38. Rd1 Be4 39. Kf1 Rb2 40. Rc1
Rb1 41. Rxb1 Bxb1 42. Ke2 Bc2 43. Kd2 Bxb3 0-1

[Event "50smm B Gries-Naturns"]
[Site "?"]
[Date "2019.01.12"]
[Round "5.5"]
[White "Naegele, Raimund"]
[Black "Hofer, Werner"]
[Result "1-0"]
[WhiteElo "1606"]
[BlackElo "1565"]
[PlyCount "89"]
[EventDate "2019.01.12"]
[SourceDate "2018.11.11"]

1. Nf3 Nf6 2. g3 e6 3. Bg2 d5 4. O-O c5 5. c4 Be7 6. cxd5 exd5 7. d4 c4 8. Nc3
Be6 9. Bg5 O-O 10. e3 Ne4 11. Nxe4 dxe4 12. Bxe7 Qxe7 13. Nd2 f5 14. Qa4 Qf7
15. Rfc1 a6 16. Qb4 b5 17. a4 Bd7 18. axb5 Bxb5 19. Nxc4 Nd7 20. Nd6 Qe7 21.
Qb3+ Kh8 22. Nxb5 axb5 23. Rxa8 Rxa8 24. Qxb5 g6 25. Qb7 Rb8 26. Rc8+ Rxc8 27.
Qxc8+ Kg7 28. b4 Nf6 29. Qc5 Qe6 30. b5 Qb3 31. Qe7+ Qf7 32. Qxf7+ Kxf7 33. b6
Nd7 34. b7 Ke7 35. Bf1 h6 36. Bb5 Nb8 37. Kf1 Kd6 38. Ke2 g5 39. Be8 Ke7 40.
Bb5 Kd8 41. d5 Kc7 42. Bc6 Na6 43. f3 Nb8 44. fxe4 fxe4 45. Kd2 1-0

[Event "50smm B Kaltern/Tramin2-Arci2"]
[Site "?"]
[Date "2019.01.12"]
[Round "5.1"]
[White "Benvenuto, Alexander"]
[Black "Bertagnolli, Gerhard"]
[Result "1/2-1/2"]
[WhiteElo "1661"]
[BlackElo "1872"]
[PlyCount "106"]
[EventDate "2019.01.12"]
[SourceDate "2018.11.11"]

1. d4 Nf6 2. Nf3 g6 3. c4 Bg7 4. Nc3 d5 5. e3 O-O 6. Bd2 c6 7. Be2 Nbd7 8. O-O
Nb6 9. cxd5 Nbxd5 10. Rc1 Re8 11. Qb3 Qb6 12. Nxd5 Nxd5 13. Ne5 Be6 14. Qa3 Qc7
15. f4 Qd6 16. Rc5 f6 17. Nd3 Bf7 18. e4 Nc7 19. Be3 Nb5 20. Qa4 a6 21. Rd1
Rad8 22. Nb4 Qb8 23. d5 cxd5 24. Nxd5 Nd6 25. Nc7 Rf8 26. Qc2 Rc8 27. Bf3 Rfd8
28. f5 g5 29. Ne6 Rxc5 30. Qxc5 Bxe6 31. fxe6 Rc8 32. Qd5 Rc2 33. Bd4 Qc7 34.
Bc3 Qb6+ 35. Bd4 Qc7 36. Bc3 Qb6+ 37. Kh1 Qf2 38. Bd4 Qh4 39. e5 fxe5 40. Bxe5
Bxe5 41. Qxe5 Qf4 42. Qa5 Rxb2 43. Qd8+ Qf8 44. Qa5 Rb5 45. Qc7 Rf5 46. Kg1
Rxf3 47. gxf3 Qxf3 48. Qd8+ Kg7 49. Qxe7+ Kg6 50. Qxd6 Qe3+ 51. Kg2 Qe2+ 52.
Kg1 Qe3+ 53. Kf1 Qf3+ 1/2-1/2

[Event "50smm B Kaltern/Tramin2-Arci2"]
[Site "?"]
[Date "2019.01.12"]
[Round "5.2"]
[White "Thaler, Elmar"]
[Black "Feichter, Matthias"]
[Result "1-0"]
[WhiteElo "1738"]
[BlackElo "1492"]
[PlyCount "73"]
[EventDate "2019.01.12"]
[SourceDate "2018.11.11"]

1. d4 Nf6 2. c4 g6 3. Nf3 Bg7 4. Nc3 O-O 5. e4 d6 6. Be2 e5 7. d5 a5 8. h3 Na6
9. Be3 Nc5 10. Qc2 Ne8 11. O-O f5 12. a3 fxe4 13. Nd2 Nd3 14. Ndxe4 Nf4 15. f3
Qh4 16. Bf2 Qh6 17. b4 Bxh3 18. Be3 Bd7 19. Qd2 Qh4 20. Bf2 Qe7 21. Be3 Rf5 22.
Ng3 Rf8 23. Nce4 h5 24. Bd3 Nf6 25. Rae1 h4 26. Nxf6+ Qxf6 27. Ne4 Qf5 28. Bc2
Qh5 29. Kf2 g5 30. Rh1 Nxg2 31. Kxg2 Qxf3+ 32. Kg1 h3 33. Qe2 Qf7 34. Nxg5 Qe7
35. Bh7+ Kh8 36. Qh5 Qf6 37. Bg6+ 1-0

[Event "50smm B Kaltern/Tramin2-Arci2"]
[Site "?"]
[Date "2019.01.12"]
[Round "5.3"]
[White "Rizzardi, Roberto"]
[Black "Unterkofler, Alex"]
[Result "0-1"]
[WhiteElo "1523"]
[BlackElo "1787"]
[PlyCount "46"]
[EventDate "2019.01.12"]
[SourceDate "2018.11.11"]

1. e4 c5 2. c3 d5 3. e5 d4 4. b4 d3 5. bxc5 Nc6 6. f4 Bf5 7. Nf3 Qd5 8. Qa4 e6
9. Ba3 Nh6 10. h3 Be7 11. Kf2 Be4 12. c4 Qd7 13. Nc3 Bxf3 14. Kxf3 Nf5 15. g3
O-O 16. Kg2 Qd4 17. Rc1 Nxg3 18. Kxg3 Bh4+ 19. Kf3 Qf2+ 20. Ke4 f5+ 21. exf6
Qd4+ 22. Kf3 Rxf6 23. Ne4 Ne5+ 0-1

[Event "50smm B Kaltern/Tramin2-Arci2"]
[Site "?"]
[Date "2019.01.12"]
[Round "5.4"]
[White "Leimgruber, Erich"]
[Black "Gasparro, Antonio"]
[Result "1/2-1/2"]
[WhiteElo "1648"]
[BlackElo "1434"]
[PlyCount "68"]
[EventDate "2019.01.12"]
[SourceDate "2018.11.11"]

1. e4 d5 2. exd5 Nf6 3. c4 c6 4. d6 Qxd6 5. Nf3 e5 6. d3 Be7 7. Be2 O-O 8. O-O
Rd8 9. Nc3 Bg4 10. Ne4 Nxe4 11. dxe4 Qxd1 12. Rxd1 Rxd1+ 13. Bxd1 Nd7 14. Be3
Rd8 15. Bc2 f6 16. h3 Be6 17. b3 Nc5 18. Ne1 Bf7 19. g4 b6 20. f3 Ne6 21. Rd1
Nd4 22. Bxd4 exd4 23. Bd3 c5 24. Ng2 h5 25. gxh5 Bxh5 26. Rf1 Bd6 27. f4 Be8
28. h4 Bc6 29. a4 a5 30. Re1 Re8 31. Kf2 Kf7 32. f5 Rh8 33. Rh1 Ke7 34. Re1 Be5
1/2-1/2

[Event "50smm B Kaltern/Tramin2-Arci2"]
[Site "?"]
[Date "2019.01.12"]
[Round "5.5"]
[White "Borgese, Alessio"]
[Black "Sanin, Wilfried"]
[Result "1/2-1/2"]
[WhiteElo "1471"]
[BlackElo "1522"]
[PlyCount "134"]
[EventDate "2019.01.12"]
[SourceDate "2018.11.11"]

1. e4 e5 2. Nf3 d6 3. d4 exd4 4. Nxd4 a6 5. Nc3 Bd7 6. Bc4 Nc6 7. O-O Qf6 8.
Nd5 Qd8 9. Re1 Nge7 10. Bg5 f6 11. Bh4 Ng6 12. Bg3 Nxd4 13. Qxd4 c5 14. Qd2 b5
15. Be2 Bc6 16. Bh5 Be7 17. Nxe7 Qxe7 18. Qxd6 Qxd6 19. Bxd6 c4 20. Rad1 O-O-O
21. f4 Kb7 22. Bxg6 hxg6 23. e5 fxe5 24. fxe5 Rde8 25. Rf1 Be4 26. Rf7+ Kc6 27.
c3 Rhg8 28. b4 cxb3 29. axb3 Bc2 30. Ra1 Ra8 31. b4 Ba4 32. c4 Rac8 33. Ra7 Kb6
34. Re7 Rxc4 35. Bc5+ Kc6 36. Bd6 Kd5 37. h3 Rc6 38. Rf1 Bc2 39. Rff7 Be4 40.
Rxg7 Rxg7 41. Rxg7 Rc2 42. g4 Rg2+ 43. Kf1 Rh2 44. Ra7 Rxh3 45. Rxa6 Rg3 46. e6
Rf3+ 47. Ke2 Kxe6 48. Rb6 Rd3 49. Bc5+ Kd5 50. Rxb5 Kc4 51. Rb6 Rg3 52. Rd6
Rxg4 53. Rd4+ Kb5 54. Ke3 Bf5 55. Rd2 Re4+ 56. Kf2 Rc4 57. Kf3 Rc2 58. Rd8 Rc3+
59. Kf4 Rc4+ 60. Kg5 Rg4+ 61. Kf6 Re4 62. Rd6 Kc4 63. Rb6 Re2 64. Be7 Rb2 65.
Rb8 Kd5 66. Kf7 Kc6 67. Bf6 Rb1 1/2-1/2

[Event "50smm B Kaltern/Tramin3-Naturns2"]
[Site "?"]
[Date "2019.01.12"]
[Round "5.1"]
[White "Gurschler, Thomas"]
[Black "Dallaglio, Giovanni"]
[Result "1-0"]
[WhiteElo "1815"]
[BlackElo "1837"]
[PlyCount "109"]
[EventDate "2019.01.12"]
[SourceDate "2018.11.11"]

1. d4 d5 2. Bf4 Nf6 3. e3 c5 4. c3 Qb6 5. Qb3 c4 6. Qc2 Nc6 7. Nd2 Nh5 8. Bg5
h6 9. Bh4 g5 10. Bg3 f5 11. Be2 Nxg3 12. hxg3 Bg7 13. Bh5+ Kd8 14. Ne2 e5 15.
b4 exd4 16. exd4 Bd7 17. a4 Kc7 18. O-O-O Rhf8 19. Nf3 Be8 20. Bxe8 Raxe8 21.
Rhe1 Re7 22. Neg1 Rfe8 23. Qxf5 Nxb4 24. Rxe7+ Rxe7 25. cxb4 Qxb4 26. Qc2 Qa3+
27. Kd2 Re4 28. Re1 Qb4+ 29. Kd1 Rxe1+ 30. Nxe1 Bxd4 31. Qh7+ Kb6 32. Nc2 Qxa4
33. Ne2 Be5 34. Qxh6+ Qc6 35. Qxg5 Qe6 36. Qe3+ d4 37. Nexd4 Qd6 38. Kc1 Ka6
39. f4 Bg7 40. Nf5 Qg6 41. Qa3+ Kb6 42. Qb4+ Ka6 43. Qxc4+ b5 44. Qc8+ Kb6 45.
Nxg7 Qxg7 46. Qe6+ Ka5 47. g4 Qc7 48. Qe5 Qc4 49. f5 Qxg4 50. f6 Qxg2 51. Kb2
Qf1 52. Qe7 b4 53. Qxa7+ Kb5 54. Nd4+ Kc4 55. Qa6+ 1-0

[Event "50smm B Kaltern/Tramin3-Naturns2"]
[Site "?"]
[Date "2019.01.12"]
[Round "5.2"]
[White "Dibiasi, Rainer"]
[Black "Pichler, Christoph"]
[Result "1/2-1/2"]
[WhiteElo "1830"]
[BlackElo "1801"]
[PlyCount "96"]
[EventDate "2019.01.12"]
[SourceDate "2018.11.11"]

1. e4 e5 2. Nf3 Nc6 3. Bb5 Nf6 4. O-O Nxe4 5. Re1 Nd6 6. Nxe5 Nxe5 7. Rxe5+ Be7
8. Qg4 O-O 9. Bd3 Bf6 10. Re3 Re8 11. Qe2 b6 12. Rxe8+ Qxe8 13. Qxe8+ Nxe8 14.
Be4 c6 15. c3 Ba6 16. Bf5 Rd8 17. d4 Nd6 18. Bg4 Re8 19. Bd2 Nc4 20. b3 Nxd2
21. Nxd2 Re7 22. Nf3 d5 23. h3 g6 24. Re1 Rxe1+ 25. Nxe1 c5 26. Bf3 cxd4 27.
cxd4 Bxd4 28. Bxd5 Bc3 29. Nc2 Bd3 30. Ne3 b5 31. a4 a6 32. Bc6 Kf8 33. Nd5 b4
34. Nf4 Bc2 35. Bd5 g5 36. Ne2 f5 37. f4 h6 38. Kf2 Ke7 39. Ke3 Bf6 40. g3 Kd6
41. Bc4 Kc5 42. Kd2 Be4 43. Bxa6 Bd5 44. Kc2 Bg2 45. Kd3 Bxh3 46. Bc8 h5 47.
Ke3 h4 48. Kf3 Bg4+ 1/2-1/2

[Event "50smm B Kaltern/Tramin3-Naturns2"]
[Site "?"]
[Date "2019.01.12"]
[Round "5.3"]
[White "Zoeschg, Herbert"]
[Black "Maier, Fridolin"]
[Result "0-1"]
[WhiteElo "1592"]
[BlackElo "1685"]
[PlyCount "96"]
[EventDate "2019.01.12"]
[SourceDate "2018.11.11"]

1. d4 Nf6 2. Bf4 g6 3. e3 d6 4. h3 Bg7 5. Nf3 Nh5 6. Bh2 Nd7 7. c3 c5 8. Be2
O-O 9. O-O a6 10. Nbd2 b5 11. Rb1 Nb6 12. Ne1 Nf6 13. Bf3 Ra7 14. dxc5 dxc5 15.
Nb3 Bf5 16. Rc1 Na4 17. Qe2 Be4 18. Bxe4 Nxe4 19. Nf3 Rd7 20. Rfd1 b4 21. Rxd7
Qxd7 22. cxb4 Nxb2 23. Be5 Nd3 24. Rd1 c4 25. Bxg7 Kxg7 26. Nc5 Nexc5 27. bxc5
Qb5 28. Qc2 Rc8 29. Qc3+ Kg8 30. Rd2 Nxc5 31. Rb2 Na4 32. Rxb5 Nxc3 33. Rb6
Ne2+ 34. Kf1 c3 35. Ne1 c2 36. Nxc2 Rxc2 37. Rxa6 Nc3 38. f3 Rxa2 39. Rxa2 Nxa2
40. Kf2 Kg7 41. e4 h5 42. g3 h4 43. gxh4 Kh6 44. f4 Kh5 45. f5 Kxh4 46. Kf3 Nc3
47. Kf4 Nxe4 48. fxg6 fxg6 0-1

[Event "50smm B Kaltern/Tramin3-Naturns2"]
[Site "?"]
[Date "2019.01.12"]
[Round "5.4"]
[White "Martinelli, Michele"]
[Black "Illmer, Markus"]
[Result "1-0"]
[WhiteElo "1654"]
[BlackElo "1564"]
[PlyCount "53"]
[EventDate "2019.01.12"]
[SourceDate "2018.11.11"]

1. Nf3 d5 2. g3 c6 3. d3 Bg4 4. h3 Bxf3 5. exf3 Nd7 6. Bg2 Ngf6 7. O-O e6 8.
Re1 Be7 9. f4 Qb6 10. c3 O-O-O 11. f5 e5 12. Qc2 Bd6 13. Be3 Qc7 14. Nd2 Rhe8
15. b4 b6 16. a4 c5 17. Qb3 d4 18. cxd4 exd4 19. Bg5 h6 20. Bh4 Rxe1+ 21. Rxe1
cxb4 22. Nc4 Nc5 23. Nxd6+ Rxd6 24. Qc4 Nxa4 25. Qa6+ Kd8 26. Qxa4 Rc6 27. Bxc6
1-0

[Event "50smm B Kaltern/Tramin3-Naturns2"]
[Site "?"]
[Date "2019.01.12"]
[Round "5.5"]
[White "Gurschler, Markus"]
[Black "Florian, Andreas"]
[Result "1-0"]
[WhiteElo "1561"]
[BlackElo "1518"]
[PlyCount "97"]
[EventDate "2019.01.12"]
[SourceDate "2018.11.11"]

1. d4 d5 2. Bf4 Nf6 3. e3 e6 4. Bd3 c5 5. c3 Nc6 6. Nf3 Qb6 7. b3 Be7 8. O-O
Nh5 9. Bg5 Qd8 10. Bxe7 Qxe7 11. Ne5 Nf6 12. Nd2 Bd7 13. f4 Rb8 14. Ndf3 b5 15.
Ng5 Nd8 16. Nxd7 Kxd7 17. Rb1 Nc6 18. Nf3 c4 19. Bc2 a5 20. Ne5+ Nxe5 21. dxe5
Ne8 22. bxc4 Qc5 23. Qd3 bxc4 24. Ba4+ Ke7 25. Qd2 Rxb1 26. Rxb1 Nc7 27. Kf2
Qa7 28. Qb2 Na6 29. Qa3+ Qc5 30. Rb7+ Kd8 31. Qxc5 Nxc5 32. Rb8+ Kc7 33. Rxh8
Nxa4 34. Rxh7 Nxc3 35. Ke1 Nxa2 36. Kd2 Kc6 37. Rxg7 Kc5 38. Rxf7 Kb4 39. Kc2
Ka3 40. Rb7 Nb4+ 41. Kb1 a4 42. f5 exf5 43. e6 Nc6 44. Rc7 Nb4 45. e7 Kb3 46.
e8=Q a3 47. Ra7 a2+ 48. Kc1 Nd3+ 49. Kd2 1-0

[Event "50smm B Kaltern/Tramin2-Groeden2"]
[Site "?"]
[Date "2019.02.23"]
[Round "8.1"]
[White "Casadio, Lorenzo"]
[Black "Thaler, Elmar"]
[Result "1/2-1/2"]
[WhiteElo "1821"]
[BlackElo "1738"]
[PlyCount "85"]
[EventDate "2019.02.23"]
[SourceDate "2018.11.11"]

1. Nf3 d5 2. c4 c6 3. e3 Nf6 4. Be2 e6 5. O-O Be7 6. b3 O-O 7. Bb2 Nbd7 8. d4
Re8 9. Nbd2 Nf8 10. Qc2 Bb4 11. e4 Bxd2 12. Nxd2 dxe4 13. Nxe4 Nxe4 14. Qxe4
Nd7 15. Rfe1 Qg5 16. Bd3 Nf6 17. Qe2 Bd7 18. Qc2 h6 19. Re3 Nh5 20. Re5 f5 21.
Rae1 Nf4 22. Bf1 Qg6 23. R5e3 a5 24. d5 Qf7 25. g3 Nh5 26. d6 Nf6 27. Bg2 Ng4
28. R3e2 Nf6 29. Qd2 Rf8 30. a4 Ra6 31. Bc3 Rfa8 32. h3 Ne8 33. Re5 Qf8 34.
Rxa5 Rxa5 35. Bxa5 Qxd6 36. Rd1 Qxd2 37. Rxd2 Nf6 38. Bc3 Rd8 39. a5 Kf7 40. a6
bxa6 41. Bxc6 Ke8 42. Bb7 Rb8 43. Bxa6 1/2-1/2

[Event "50smm B Kaltern/Tramin2-Groeden2"]
[Site "?"]
[Date "2019.02.23"]
[Round "8.2"]
[White "Unterkofler, Alex"]
[Black "Scola, Matteo"]
[Result "1/2-1/2"]
[WhiteElo "1787"]
[BlackElo "1739"]
[PlyCount "43"]
[EventDate "2019.02.23"]
[SourceDate "2018.11.11"]

1. e4 c5 2. c3 d5 3. exd5 Qxd5 4. d4 Nc6 5. Nf3 Nf6 6. Be2 cxd4 7. cxd4 e6 8.
Nc3 Qd8 9. O-O Bd6 10. Bg5 h6 11. Bxf6 Qxf6 12. d5 Ne5 13. dxe6 Qxe6 14. Nd4
Qg6 15. Bh5 Qd3 16. Ncb5 Bb8 17. Qc1 O-O 18. Be2 Qg6 19. Qc2 Qb6 20. Rad1 a6
21. Nc3 Rd8 22. Nf3 1/2-1/2

[Event "50smm B Kaltern/Tramin2-Groeden2"]
[Site "?"]
[Date "2019.02.23"]
[Round "8.3"]
[White "Knottner, Klaus"]
[Black "Leimgruber, Erich"]
[Result "1/2-1/2"]
[WhiteElo "1624"]
[BlackElo "1648"]
[PlyCount "46"]
[EventDate "2019.02.23"]
[SourceDate "2018.11.11"]

1. e4 e5 2. Nf3 Nc6 3. Bb5 d6 4. c3 Bd7 5. d4 exd4 6. cxd4 Be7 7. O-O Nf6 8.
Re1 O-O 9. h3 a6 10. Ba4 b5 11. Bb3 Na5 12. Bc2 c5 13. d5 Ne8 14. Nbd2 c4 15.
Nf1 Bf6 16. Rb1 Nb7 17. Bf4 Qb6 18. e5 dxe5 19. Nxe5 Bc8 20. Ng3 g6 21. Nc6 Bd7
22. Ne5 Bc8 23. Nc6 Bd7 1/2-1/2